000 00509nam a2200193Ia 4500
003 GCL
008 140319s9999 xx 000 0 ara d
040 _aGCL /
_cGCL
082 0 4 _a726.1
_bق م
245 1 0 _aماذن دمشق تاريخ وطراز
300 _a647 ص
650 0 4 _aدمشق
650 0 4 _aالعمارة الاسلامية
650 0 4 _aالاثار الاسلامية
650 0 4 _aالمساجد
650 0 4 _aالمآذن
650 0 4 _aالفن الاسلامى
942 _2ddc
_cBK
999 _c37963
_d37963